| 000 | 01506nam a2200421 i 4500 | ||
|---|---|---|---|
| 001 | 196377 | ||
| 003 | ES-MaACL | ||
| 005 | 20250814045220.0 | ||
| 007 | ta | ||
| 008 | 240920s2012 sp a | |||| 001 0 spa | ||
| 017 |
_aB 27447-2012 _bOficina Depósito Legal Barcelona |
||
| 020 | _a9788447376339 | ||
| 035 | _a(SpMaBN)a5294922 | ||
| 035 | _a(OCoLC)828344376 | ||
| 035 | _a991038729919708606 | ||
| 040 |
_aSpMaBN _bspa _cSpMaBN _erdc _dES-MaACL |
||
| 080 | _a52 Kepler, Johannes | ||
| 080 | _a521.1 | ||
| 100 | 0 |
_aBattaner López, Eduardo _0XX1052244 _926474 |
|
| 245 | 1 | 0 |
_aKepler, el movimiento planetario : _bbailando con las estrellas / _c[Eduardo Battaner López]. |
| 260 |
_a[Barcelona] : _bRBA, _cD.L. 2012. |
||
| 300 |
_a159 p. ; _c24 cm |
||
| 336 |
_aTexto (visual) _2isbdcontent |
||
| 337 |
_asin mediación _2isbdmedia |
||
| 338 |
_2rdacarrier _avolumen |
||
| 490 | 1 | _aGrandes ideas de la ciencia | |
| 504 | _aBibliografía: p. 155. Índice | ||
| 600 | 1 | 4 |
_aKepler, Johannes, _d1571-1630 _xCrítica e interpretación _967878 |
| 650 | 7 |
_aMecánica celeste _2embne _914873 |
|
| 830 |
_9238658 _aGrandes ideas de la ciencia |
||
| 852 |
_aES-MaACL _cDEPO1 _hDonación: José Manuel Duarte Cendán _9204075 _jA-15416 |
||
| 903 |
_9238529 _aDuarte Cendán, José Manuel _q1 _ednr |
||
| 942 |
_n0 _cMONOGRAFIA |
||
| 956 | _a2 | ||
| 999 |
_c196377 _d196377 |
||